| 000 | 00404cam a2200181 4500 | ||
|---|---|---|---|
| 001 | D13525 | ||
| 008 | 090401t1930 xxu||||| |||| 00| 0 eng d | ||
| 035 | _a(Sirsi) u10145 | ||
| 041 | _aeng | ||
| 100 | _aNokes, G.D. | ||
| 245 | 3 | _aAn outline of the law of mortgages | |
| 250 | _a2nd | ||
| 260 |
_bEstates Gazette _c1930 |
||
| 350 | _a0 | ||
| 520 | _aShelf 132 | ||
| 942 | _n0 | ||
| 948 | _c04/03/1997 | ||
| 999 |
_c86707 _d86707 |
||